L'Angola pour les touristes... - Facile - Statistiques

Statistiques générales
  • Ce quiz a été pris 24 fois
  • Le résultat moyen est 9 sur 20
Statistiques - réponses
Question Indice Réponses Indice facile % Correct
Quelle est la langue officielle la plus connue ? Portugais
100%
Ce pays est plus grand que la France (oui/non) Oui
78%
Code sur les plaques minéralogiques ANG
61%
La religion majoritaire est C Christianisme C
61%
Citez une des autres langues officielles kikongo | umbundu | kuanyama | kimbundu | tchokwé | Nganguela K U T N
61%
Le principal aéroport est L Luanda
61%
Quel pays a accordé son indépendance à celui-ci ? R Portugal
61%
Quel est le climat local ? T {Tropical}
56%
Dans la capitale quel est le décalage horaire avec Paris ? (+ ou - et chiffre) ex - 10 ou + 3,5 ou 0 - 1
50%
Quelle est la monnaie ? Kwanza K
50%
Autres langues employées Anglais
44%
Achats à faire 3/ A partir d'argile Objets en {céramique} RACEMIQUE
44%
Quel est le régime du pays ? R République
44%
Autres langues employées Français
33%
Achats à faire 1/ Cache le visage Masque QAMUSE
28%
Quelles sont les principaux lieux touristiques ? K Parc {Kissama} MASSAIK
22%
Quelles sont les principaux lieux touristiques ? K Chutes de {Kalandula} LANDAUAKL
17%
Le suffixe internet est ao
11%
Quelles sont les principaux lieux touristiques ? B Bocoio BIOCOO
0%
Achats à faire 2/ Objets tressés en vannerie ARIENNEV
0%
Aucun quiz correspondant
Distribution des résultats
% des personnes avec chaque résultat
Percentile par nombre de réponses
Votre historique - résultats
Vous n’avez pas pris ce quiz